Essentials of business ethics : creating an organization of high integrity and superior performance (Record no. 193003)

000 -LEADER
fixed length control field 01071 a2200193 4500
020 ## - INTERNATIONAL STANDARD BOOK NUMBER
International Standard Book Number 978-0-470-44256-2
082 ## - DEWEY DECIMAL CLASSIFICATION NUMBER
Classification number 174.4
090 ## - LOCALLY ASSIGNED LC-TYPE CALL NUMBER (OCLC); LOCAL CALL NUMBER (RLIN)
-- 1777
-- 1777
100 ## - MAIN ENTRY--PERSONAL NAME
Personal name Collins, Denis
245 ## - TITLE STATEMENT
Title Essentials of business ethics : creating an organization of high integrity and superior performance
Statement of responsibility, etc. Denis Collins
260 ## - PUBLICATION, DISTRIBUTION, ETC.
Place of publication, distribution, etc. New Jersy
Name of publisher, distributor, etc. John Wiley & Sons
Date of publication, distribution, etc. 2009
300 ## - PHYSICAL DESCRIPTION
Extent xxv, 291
942 ## - ADDED ENTRY ELEMENTS (KOHA)
Institution code [OBSOLETE] SNS
Koha item type Book
Call number prefix 174.4 COL
Holdings
Withdrawn status Lost status Source of classification or shelving scheme Damaged status Not for loan Collection code Permanent Location Current Location Date acquired Total Checkouts Barcode Date last seen Price effective from Koha item type
            Military College of Signals (MCS) Military College of Signals (MCS) 12/12/2016   MCSEB-2521 12/08/2016 12/12/2016 Book
© 2023 Central Library, National University of Sciences and Technology. All Rights Reserved.